Camera Based Equation Solver / (Record no. 615825)
[ view plain ]
| 000 -LEADER | |
|---|---|
| fixed length control field | 00718nam a22001817a 4500 |
| 003 - CONTROL NUMBER IDENTIFIER | |
| control field | NUST |
| 005 - DATE AND TIME OF LATEST TRANSACTION | |
| control field | 20260116172330.0 |
| 082 ## - DEWEY DECIMAL CLASSIFICATION NUMBER | |
| Classification number | 621.382,KHA |
| 100 ## - MAIN ENTRY--PERSONAL NAME | |
| Personal name | Khan, Muhammad Awais |
| 9 (RLIN) | 132777 |
| 245 ## - TITLE STATEMENT | |
| Title | Camera Based Equation Solver / |
| Statement of responsibility, etc. | Muhammad Awais KHan, Sohail Nazim, Khawar Abbas and Raja Muhammad Asad Wazir Khan (TE-50) |
| 260 ## - PUBLICATION, DISTRIBUTION, ETC. | |
| Place of publication, distribution, etc. | Rawalpindi |
| Name of publisher, distributor, etc. | MCS (NUST) |
| Date of publication, distribution, etc. | June 2017 |
| 300 ## - PHYSICAL DESCRIPTION | |
| Extent | viii,52 p.; |
| 505 ## - FORMATTED CONTENTS NOTE | |
| Formatted contents note | Introduction (Page-1), Requirement Analysis (Page-6), System Design (Page-17), Implementation (Page-280, Testing (Page-31), Conclusion (Page-40), User Manual (Page-42). <br/> |
| 650 ## - SUBJECT ADDED ENTRY--TOPICAL TERM | |
| Topical term or geographic name entry element | UG Project |
| 9 (RLIN) | 131132 |
| 651 ## - SUBJECT ADDED ENTRY--GEOGRAPHIC NAME | |
| Geographic name | TE-50 |
| 9 (RLIN) | 132778 |
| 700 ## - ADDED ENTRY--PERSONAL NAME | |
| Personal name | Supervised by Raja Iqbal |
| 9 (RLIN) | 131764 |
| 942 ## - ADDED ENTRY ELEMENTS (KOHA) | |
| Source of classification or shelving scheme | |
| Koha item type | Project Report |
| Withdrawn status | Lost status | Source of classification or shelving scheme | Damaged status | Not for loan | Permanent Location | Current Location | Shelving location | Date acquired | Total Checkouts | Full call number | Barcode | Date last seen | Price effective from | Koha item type | Public note |
|---|---|---|---|---|---|---|---|---|---|---|---|---|---|---|---|
| Military College of Signals (MCS) | Military College of Signals (MCS) | Reference | 01/16/2026 | 621.382,KHA | MCSPTE-261 | 01/16/2026 | 01/16/2026 | Project Report | Almirah No.90, Shelf No.4 |
